000 00708nam a2200229Ia 4500
001 10069
003 GE_BSU
008 181216s||||||||xx |||||||||||||| ||und||
040 _cGE_BSU
080 _a821.353.1–1
100 _aროყვა,შოთა
245 _aმამულის მამითადი
245 _bლექსები
245 _cრედ.შ.ზოიძე, მხატვ.ლ.სეიდიშვილი
260 _aბათუმი
260 _bსაბჭოთა აჭარა
260 _c1974
300 _a121გვ.16სმ.
653 _aლექსები
653 _aმამულის მამითადი
942 _cBK
999 _c43341
_d43341